| 000 | 01267nam0a22003011 4500 | ||
|---|---|---|---|
| 001 | rc\2194353 | ||
| 005 | 20250623012839.0 | ||
| 035 | _a(NLR Aleph) 006510535 | ||
| 090 |
_a6325590 _c6325590 |
||
| 100 | _a20110829d1978 |||y0rusy50 ca | ||
| 101 | 0 | _arus | |
| 102 | _aRU | ||
| 105 | _ay z ||||| | ||
| 200 | 1 |
_aМетодические рекомендации по снижению себестоимости продукции птицеводства _fВАСХНИЛ, Юж. отд-ние, Укр. НИИ птицеводства _g[Подгот. В.А. Лукьянов, А.В. Шомин, П.М. Слюсар, П.М. Литко, кандидаты экон. наук] |
|
| 210 |
_aХарьков _c[Б. и.] _d1978 |
||
| 215 |
_a27 с. _d21 |
||
| 606 |
_aПтицепродукты _xСебестоимость _2psbo |
||
| 607 |
_aПтицеводство _xИнтенсификация _2psbo |
||
| 702 | 1 |
_aСлюсар _bП.М. _4220 |
|
| 702 | 1 |
_aЛитко _bП.М. _4220 |
|
| 702 | 1 |
_aШомин _bА.В. _4220 |
|
| 702 | 1 |
_aЛукьянов _bВ.А. _4220 |
|
| 712 | 0 | 2 |
_aУкраинский НИИ птицеводства _cХарьков |
| 801 | 0 |
_aRU _bNLR _gpsbo |
|
| 801 | 1 |
_aRU _bELAR _2rusmarc |
|
| 852 |
_aNLR _j78-6/5275 |
||
| 942 | _cBOOK | ||
| 980 | _aNB | ||